<?xml version="1.0" encoding="UTF-8"?>
<record
    xmlns:xsi="http://www.w3.org/2001/XMLSchema-instance"
    xsi:schemaLocation="http://www.loc.gov/MARC21/slim http://www.loc.gov/standards/marcxml/schema/MARC21slim.xsd"
    xmlns="http://www.loc.gov/MARC21/slim">

  <leader>00535nam a2200181Ia 4500</leader>
  <controlfield tag="003">3228</controlfield>
  <controlfield tag="005">20250812103634.0</controlfield>
  <controlfield tag="008">210818s9999    xx            000 0 und d</controlfield>
  <datafield tag="020" ind1=" " ind2=" ">
    <subfield code="a">9780273678090</subfield>
  </datafield>
  <datafield tag="040" ind1=" " ind2=" ">
    <subfield code="a">RDA</subfield>
    <subfield code="c">3228</subfield>
  </datafield>
  <datafield tag="082" ind1=" " ind2="0">
    <subfield code="a">005.1 WWEAV</subfield>
  </datafield>
  <datafield tag="100" ind1=" " ind2=" ">
    <subfield code="a"> Weaver, Philip L.   Harlow, England, [c.2004]  </subfield>
    <subfield code="9">88107</subfield>
  </datafield>
  <datafield tag="245" ind1=" " ind2="0">
    <subfield code="a">Success in your project : a guide to student system development projects </subfield>
  </datafield>
  <datafield tag="260" ind1=" " ind2=" ">
    <subfield code="a">England:</subfield>
    <subfield code="b">Prentice Hall;</subfield>
    <subfield code="c">2004.</subfield>
  </datafield>
  <datafield tag="300" ind1=" " ind2=" ">
    <subfield code="a">vii; 291 pages</subfield>
    <subfield code="c">25 cm</subfield>
  </datafield>
  <datafield tag="521" ind1=" " ind2=" ">
    <subfield code="a">Adults</subfield>
  </datafield>
  <datafield tag="942" ind1=" " ind2=" ">
    <subfield code="c">BK</subfield>
    <subfield code="2">ddc</subfield>
    <subfield code="y">396</subfield>
    <subfield code="z">Zanele Zitha</subfield>
  </datafield>
  <datafield tag="999" ind1=" " ind2=" ">
    <subfield code="c">441586</subfield>
    <subfield code="d">441585</subfield>
  </datafield>
  <datafield tag="952" ind1=" " ind2=" ">
    <subfield code="0">0</subfield>
    <subfield code="1">0</subfield>
    <subfield code="4">0</subfield>
    <subfield code="7">0</subfield>
    <subfield code="a">SABIL</subfield>
    <subfield code="b">SABIL</subfield>
    <subfield code="d">2021-08-23</subfield>
    <subfield code="g">110.00</subfield>
    <subfield code="l">0</subfield>
    <subfield code="p">33228023606997</subfield>
    <subfield code="r">2021-08-23</subfield>
    <subfield code="w">2021-08-23</subfield>
    <subfield code="y">BK</subfield>
  </datafield>
</record>
